|
|
|
|
| LEADER |
00000nam a2200000 a 4500 |
| 001 |
vtls009621928 |
| 003 |
SK-MaSNL |
| 005 |
20260301082357.0 |
| 008 |
251124s2008 xo kl d p 000 0deng |
| 015 |
|
|
|a SNBA2009/08-04263
|
| 020 |
|
|
|a 9788022729642
|q (brož.)
|
| 035 |
|
|
|a A50B64CB-B2D7-411B-A126-91E1C9DC60CB
|
| 035 |
|
|
|a urn:nbn:sk:snk-amjw5f
|
| 035 |
|
|
|a urn:nbn:sk:snk-am0085pm
|
| 040 |
|
|
|a SNK
|b slo
|c SNK
|e AACR2
|
| 041 |
0 |
|
|a eng
|
| 044 |
|
|
|a xo
|c SK
|
| 072 |
|
7 |
|a 631
|x Poľnohospodárstvo. Pedológia. Agrotechnika. Agroekológia
|2 konspekt
|
| 072 |
|
7 |
|a 628
|x Zdravotná technika. Úprava vody. Odpadové hospodárstvo. Svetelná technika
|2 konspekt
|
| 080 |
|
|
|a 631.67
|2 2001
|
| 080 |
|
|
|a 582
|2 2001
|
| 080 |
|
|
|a 628.1.033
|2 2001
|
| 080 |
|
|
|a 628.334.5
|2 2001
|
| 080 |
|
|
|a 519.876.5
|2 2001
|
| 080 |
|
|
|a (075.8)
|2 2001
|
| 080 |
|
|
|a (043.3)
|2 2001
|
| 100 |
1 |
|
|a Ghawi, Ali Hadi,
|d 1977-
|4 aut
|9 407209
|
| 245 |
1 |
0 |
|a A numerical model of flow and settling in sedimentation tanks in potable water treatment plants
|c Ali Hadi Ghawi
|
| 250 |
|
|
|a [1st ed.]
|
| 260 |
|
|
|a Bratislava
|b Slovenská technická univerzita
|c 2008
|
| 300 |
|
|
|a 150 s.
|b fotogr., sch., tab.
|c 29 cm
|
| 366 |
|
|
|e 50 výt.
|
| 490 |
1 |
|
|a Edícia vedeckých prác
|v zošit č. 64
|
| 504 |
|
|
|a Bibliogr. s. 144-150
|
| 650 |
0 |
7 |
|a zavlažovanie
|2 SNKPH
|9 19474
|
| 650 |
0 |
7 |
|a pitná voda
|2 SNKPH
|9 69061
|
| 650 |
0 |
7 |
|a sedimentačné nádrže
|2 SNKPH
|9 407210
|
| 650 |
0 |
7 |
|a numerické modelovanie
|2 SNKPH
|9 4333
|
| 650 |
0 |
7 |
|a rastliny
|2 SNKPH
|9 690
|
| 650 |
0 |
7 |
|a Watering
|2 SNKPHeng
|9 327458
|
| 650 |
0 |
7 |
|a Plants
|2 SNKPHeng
|9 296405
|
| 650 |
0 |
7 |
|a Drinking water
|2 SNKPHeng
|9 314281
|
| 650 |
0 |
7 |
|a Settling basins
|2 SNKPHeng
|9 407211
|
| 650 |
0 |
7 |
|a Numerical modeling
|2 SNKPHeng
|9 346979
|
| 655 |
|
7 |
|a učebnice vysokých škôl
|2 SNKPH
|9 70191
|
| 655 |
|
7 |
|a dizertácie
|2 SNKPH
|9 70277
|
| 655 |
|
7 |
|a Textbooks (higher)
|2 SNKPHeng
|9 276436
|
| 655 |
|
7 |
|a Dissertations
|2 SNKPHeng
|9 303036
|
| 810 |
2 |
|
|a Slovenská technická univerzita v Bratislave.
|b Stavebná fakulta
|t Edícia vedeckých prác
|9 184598
|
| 919 |
|
|
|a 978-80-227-2974-2
|
| 958 |
|
|
|a OND
|
| 958 |
|
|
|a NB
|
| 968 |
|
|
|d 63
|
| 999 |
|
|
|c 658354
|d 660284
|
| 952 |
|
|
|a SNK
|b SNK
|y PREZ
|7 0
|p 17A0624714
|o snkSB 77943
|i snk2009/11911
|8 0
|0 0
|1 0
|4 0
|d 2009-06-29
|f 1
|l 0
|r 2025-04-28 00:00:00
|w 2026-02-23
|
| 952 |
|
|
|a SNK
|b SNK
|y VYP
|7 0
|p 17A0624713
|o snkSB 77943 D1
|i snk2009/11913
|8 0
|0 0
|1 0
|4 0
|d 2009-06-29
|l 0
|r 2016-06-30 00:00:00
|w 2026-02-23
|